000
00277nam a2200121Ia 4500
008
190216s9999||||xx |||||||||||||| ||und||
100
_a
"Gomber K L,Gogia K L"
245
0
_a
Objective Physics
260
_b
Pradeep Pub
300
_a
1990
650
_a
References
942
_c
REF
999
_c
36971
_d
36971